Statistics for Name the Famous People - Picture Quiz #7

Click here to take the quiz!

General Stats

  • This quiz has been taken 224 times
  • The average score is 9 of 14

Answer Stats

Answer% Correct
Vladimir Putin
96%
Oprah Winfrey
83%
Roger Federer
79%
Justin Trudeau
78%
Lionel Messi
77%
Natalie Portman
66%
Penelope Cruz
66%
Kylie Minogue
58%
Boris Becker
57%
Salma Hayek
55%
Gisele Bundchen
54%
Winnie Mandela
45%
Marion Cotillard
28%
Yulia Tymoshenko
12%

Score Distribution

Percentile by Number Answered

Percent of People with Each Score

Your Score History

You have not taken this quiz